000
00300nam a2200121Ia 4500
008
231129s1968||||xx |||||||||||||| ||spa||
082
_a
GOR- 016
100
_a
Frye Richard N.
245
0
_a
La herencia de Persia
260
_c
1968
264
_a
Madrid EspaƱa: Guadarrama 1965
942
_2
ddc
_c
BKS
999
_c
17291
_d
17291